MARC details
| 000 -LEADER |
| fixed length control field |
01707nas a22003377a 4500 |
| 005 - DATE AND TIME OF LATEST TRANSACTION |
| control field |
20220908154023.0 |
| 008 - FIXED-LENGTH DATA ELEMENTS--GENERAL INFORMATION |
| fixed length control field |
190807b ||||| |||| 00| 0 eng d |
| 022 ## - INTERNATIONAL STANDARD SERIAL NUMBER |
| International Standard Serial Number |
0272-4332 |
| 082 14 - DEWEY DECIMAL CLASSIFICATION NUMBER |
| Edition number |
14 |
| Classification number |
353.9 |
| 210 00 - ABBREVIATED TITLE |
| Abbreviated title |
SRA Journal |
| 245 00 - TITLE STATEMENT |
| Title |
Risk Analysis : |
| Remainder of title |
an International Journal / |
| Statement of responsibility, etc |
Society for Risk Analysis . |
| 260 ## - PUBLICATION, DISTRIBUTION, ETC. (IMPRINT) |
| Place of publication, distribution, etc |
New Jersey : |
| Name of publisher, distributor, etc |
SRA , |
| Date of publication, distribution, etc |
1981 - |
| 300 ## - PHYSICAL DESCRIPTION |
| Extent |
Impresa y digital |
| 310 ## - CURRENT PUBLICATION FREQUENCY |
| Current publication frequency |
Mensual |
| 362 ## - DATES OF PUBLICATION AND/OR SEQUENTIAL DESIGNATION |
| Dates of publication and/or sequential designation |
[ Año 1, No. 1 ] (1981) - |
| 500 ## - GENERAL NOTE |
| General note |
Revista oficial recibida por todos los miembros de la SRA, proporciona un punto focal para los nuevos desarrollos en la teoría y la práctica del análisis de riesgos para investigadores y profesionales de una amplia gama de disciplinas, incluidas las de comportamiento, biológicas, de decisión, económicas, de ingeniería. , salud, física y ciencias sociales. Sus artículos de investigación y perspectiva se centran en la evaluación de riesgos, la gestión, la percepción y la comunicación en las áreas temáticas de salud humana, seguridad y el entorno natural y construido.<br/> |
| Source of note information (AM SE) [OBSOLETE] |
https://sra.org/sra-journal |
| 505 ## - FORMATTED CONTENTS NOTE |
| Formatted contents note |
Tiene un formato digital, pero es sólo por suscripción. |
| 650 27 - SUBJECT ADDED ENTRY--TOPICAL TERM |
| Source of heading or term |
spines |
| 9 (RLIN) |
7982 |
| Topical term or geographic name as entry element |
RIESGO |
| 650 27 - SUBJECT ADDED ENTRY--TOPICAL TERM |
| Source of heading or term |
spines |
| 9 (RLIN) |
1458 |
| Topical term or geographic name as entry element |
SEGURIDAD |
| 650 20 - SUBJECT ADDED ENTRY--TOPICAL TERM |
| Topical term or geographic name as entry element |
DESASTRE NATURAL |
| 9 (RLIN) |
4739 |
| 650 27 - SUBJECT ADDED ENTRY--TOPICAL TERM |
| Source of heading or term |
unescot |
| 9 (RLIN) |
7985 |
| Topical term or geographic name as entry element |
DESASTRE CAUSADO POR EL HOMBRE |
| 650 27 - SUBJECT ADDED ENTRY--TOPICAL TERM |
| Source of heading or term |
unescot |
| 9 (RLIN) |
1102 |
| Topical term or geographic name as entry element |
CAMBIO CLIMATICO |
| 650 27 - SUBJECT ADDED ENTRY--TOPICAL TERM |
| Source of heading or term |
unescot |
| 9 (RLIN) |
7984 |
| Topical term or geographic name as entry element |
PREVENCIÓN DE DESASTRES |
| 650 27 - SUBJECT ADDED ENTRY--TOPICAL TERM |
| Source of heading or term |
decs |
| 9 (RLIN) |
7987 |
| Topical term or geographic name as entry element |
EPIDEMIAS |
| 650 27 - SUBJECT ADDED ENTRY--TOPICAL TERM |
| Source of heading or term |
unescot |
| 9 (RLIN) |
784 |
| Topical term or geographic name as entry element |
CONTAMINACION |
| 650 27 - SUBJECT ADDED ENTRY--TOPICAL TERM |
| Source of heading or term |
unescot |
| 9 (RLIN) |
805 |
| Topical term or geographic name as entry element |
TERRORISMO |
| 710 1# - ADDED ENTRY--CORPORATE NAME |
| Corporate name or jurisdiction name as entry element |
Society for Risk Analysis |
| 9 (RLIN) |
7989 |
| 869 ## - Existencias |
| Año |
2012 |
| Número |
10-12 |
| Volúmen |
32 |
| 942 ## - ADDED ENTRY ELEMENTS (KOHA) |
| Source of classification or shelving scheme |
Dewey Decimal Classification |
| Item type |
Revista o publicación periódica |
| 980 ## - EQUIVALENCE OR CROSS-REFERENCE-SERIES STATEMENT--PERSONAL NAME/TITLE [LOCAL, CANADA] |
| Field link and sequence number |
20562 |
| Miscellaneous information |
Diego Higa |